[Event "46th Hoogovens it"]
[Site "Wijk aan Zee NED"]
[Date "1984.01.18"]
[Round "5"]
[White "Ree, Hans"]
[Black "Ligterink, Gert"]
[Result "1/2-1/2"]
[WhiteElo "2480"]
[BlackElo "2445"]
[EventDate "1984.01.13"]
[PlyCount "78"]

1. d4 Nf6 2. c4 e6 3. Nc3 Bb4 4. e3 c5 5. Nge2 cxd4 6. exd4 O-O 7. a3 Be7 8. d5 exd5 9. cxd5 Re8 10. Be3 Ng4 11. Bd4 Nh6 12. Ng3 Bxa3+ 13. Be2 Bxb2 14. Nb5 Bxd4 15. Qxd4 d6 16. Rxa7 Rxa7 17. Qxa7 Na6 18. O-O Nf5 19. Bf3 Bd7 20. Nxf5 Bxb5 21. Rd1 Nc5 22. h3 Qf6 23. Ne3 h6 24. Ng4 Qf4 25. Qa1 Bd7 26. Ne3 b5 27. Bg4 Bxg4 28. hxg4 g6 29. Qb2 b4 30. Rd4 Re4 31. g3 Qf3 32. Rxb4 Rxb4 33. Qxb4 Nd3 34. Qd2 Ne5 35. Qb4 Kg7 36. Qd4 Kg8 37. Qf4 Qxf4 38. gxf4 Nd3 39. f5 Kg7 1/2-1/2

[Event "46th Hoogovens it"]
[Site "Wijk aan Zee NED"]
[Date "1984.01.20"]
[Round "6"]
[White "Ree, Hans"]
[Black "Hubner, Robert"]
[Result "1-0"]
[WhiteElo "2480"]
[BlackElo "2620"]
[EventDate "1984.01.13"]
[PlyCount "65"]

1. d4 d6 2. c4 g6 3. Nc3 Bg7 4. e4 e5 5. Nf3 Nc6 6. d5 Nce7 7. Be2 f5 8. exf5 gxf5 9. Ng5 Ng6 10. Bh5 N8e7 11. f4 Bf6 12. fxe5 dxe5 13. O-O O-O 14. g4 Qd6 15. gxf5 Qc5+ 16. Kh1 Bxf5 17. Qe2 Bg7 18. Be3 Qb4 19. a3 Qb3 20. Bg4 Bh6 21. Rae1 Rae8 22. Bc1 Nf4 23. Bxf4 exf4 24. Ne6 Ng6 25. Bxf5 Rxf5 26. Qd3 Rh5 27. Qf3 Rh4 28. Nd4 Rxe1 29. Nxb3 Re3 30. Qf2 Reh3 31. Nd4 Ne5 32. Nf5 Ng4 33. Qxh4 1-0

[Event "46th Hoogovens it"]
[Site "Wijk aan Zee NED"]
[Date "1984.01.22"]
[Round "8"]
[White "Kortschnoj, Viktor"]
[Black "Miles, Anthony John"]
[Result "1-0"]
[WhiteElo "2635"]
[BlackElo "2565"]
[EventDate "1984.01.13"]
[PlyCount "55"]

1. d4 Nf6 2. c4 e6 3. Nc3 Bb4 4. e3 c5 5. Nge2 cxd4 6. exd4 O-O 7. a3 Be7 8. d5 exd5 9. cxd5 Re8 10. d6 Bf8 11. g3 Qb6 12. Bg2 Bxd6 13. Be3 Qa6 14. O-O Be5 15. Nf4 d5 16. Ncxd5 Nc6 17. Nxf6+ Bxf6 18. Nd5 Be5 19. Qh5 Qa4 20. Bf4 Bd7 21. b3 Qa5 22. b4 Qa4 23. Rad1 Bxf4 24. gxf4 Rad8 25. Rd3 Kh8 26. Nc7 Re7 27. Qc5 Re2 28. Rxd7 1-0

[Event "46th Hoogovens it"]
[Site "Wijk aan Zee NED"]
[Date "1984.01.24"]
[Round "9"]
[White "Miles, Anthony John"]
[Black "Van der Wiel, John"]
[Result "1-0"]
[WhiteElo "2565"]
[BlackElo "2515"]
[EventDate "1984.01.13"]
[PlyCount "75"]

1. d4 Nf6 2. c4 e6 3. Nc3 Bb4 4. e3 c5 5. Nge2 cxd4 6. exd4 d5 7. c5 Ne4 8. Bd2 a5 9. Nxe4 dxe4 10. a3 Bxd2+ 11. Qxd2 O-O 12. Qe3 b6 13. Qxe4 Ra7 14. Nc3 Rd7 15. O-O-O Bb7 16. Qe3 bxc5 17. dxc5 Rxd1+ 18. Nxd1 Qh4 19. Nc3 Rc8 20. Bb5 Bxg2 21. Rd1 Qxh2 22. b4 axb4 23. axb4 h5 24. Rd6 h4 25. Rxe6 Rf8 26. Re8 Bc6 27. Bxc6 Nxc6 28. b5 Na5 29. Re4 f5 30. Ra4 Qg1+ 31. Kc2 f4 32. Qe6+ Kh8 33. Rxa5 Qxf2+ 34. Kb3 Qxc5 35. Ra4 Rc8 36. Rc4 Qxc4+ 37. Qxc4 Rxc4 38. Kxc4 1-0

[Event "46th Hoogovens it"]
[Site "Wijk aan Zee NED"]
[Date "1984.01.24"]
[Round "9"]
[White "Torre, Eugenio"]
[Black "Van der Sterren, Paul"]
[Result "1/2-1/2"]
[WhiteElo "2565"]
[BlackElo "2475"]
[EventDate "1984.01.13"]
[PlyCount "66"]

1. e4 e5 2. Bc4 Nf6 3. d3 Bc5 4. Nf3 Nc6 5. O-O d6 6. c3 O-O 7. Bb3 a6 8. Nbd2 Be6 9. Re1 Re8 10. Nf1 Bxb3 11. Qxb3 h6 12. Be3 Bxe3 13. Nxe3 Qd7 14. Rad1 Ne7 15. Nf1 Ng6 16. Ng3 Qb5 17. Qxb5 axb5 18. a3 Rad8 19. d4 d5 20. Nxe5 Nxe5 21. dxe5 Nxe4 22. Nxe4 dxe4 23. Kf1 Rd3 24. f3 Rxd1 25. Rxd1 exf3 26. gxf3 Rxe5 27. Rd8+ Kh7 28. Rd7 Rf5 29. Kg2 c6 30. Rxb7 Kg6 31. Rd7 Rc5 32. Rd4 Kf5 33. Kg3 Ke6 1/2-1/2

[Event "46th Hoogovens it"]
[Site "Wijk aan Zee NED"]
[Date "1984.01.26"]
[Round "11"]
[White "Tukmakov, Vladimir"]
[Black "Sosonko, Gennadi"]
[Result "1/2-1/2"]
[WhiteElo "2550"]
[BlackElo "2560"]
[EventDate "1984.01.13"]
[PlyCount "41"]

1. d4 Nf6 2. c4 e6 3. Nf3 b6 4. Nc3 Bb7 5. a3 d5 6. cxd5 Nxd5 7. Qc2 c5 8. e4 Nxc3 9. bxc3 Nd7 10. Bd3 Qc7 11. O-O cxd4 12. cxd4 Qxc2 13. Bxc2 Rc8 14. Bd3 Be7 15. Bb2 O-O 16. Rfc1 Rxc1+ 17. Rxc1 Rc8 18. Rxc8+ Bxc8 19. Kf1 Bb7 20. Ke2 a6 21. a4 1/2-1/2

[Event "46th Hoogovens it"]
[Site "Wijk aan Zee NED"]
[Date "1984.01.29"]
[Round "13"]
[White "Miles, Anthony John"]
[Black "Adorjan, Andras"]
[Result "0-1"]
[WhiteElo "2565"]
[BlackElo "2570"]
[EventDate "1984.01.13"]
[PlyCount "112"]

1. d4 Nf6 2. c4 e6 3. Nc3 Bb4 4. e3 c5 5. Nge2 cxd4 6. exd4 O-O 7. a3 Be7 8. d5 exd5 9. cxd5 Bc5 10. b4 Bb6 11. Na4 d6 12. Nxb6 axb6 13. g3 Re8 14. Bg2 Bg4 15. Be3 Nbd7 16. h3 Bf5 17. O-O Rc8 18. Ra2 h6 19. Bd4 Rc4 20. Nc3 Ne5 21. g4 Bh7 22. Rd2 Ng6 23. Re1 Rxe1+ 24. Qxe1 Nd7 25. Qe3 h5 26. gxh5 Nh4 27. Qe2 b5 28. h6 Nxg2 29. Kxg2 Bf5 30. Qe3 Qh4 31. hxg7 Nf6 32. f4 Kh7 33. Qg3 Qxg3+ 34. Kxg3 Rxc3+ 35. Bxc3 Ne4+ 36. Kh4 Nxc3 37. Rg2 Kg8 38. Kg5 Be4 39. Rg3 Nxd5 40. Kh6 Ne7 41. Rc3 Nf5+ 42. Kg5 Kxg7 43. Rc8 Nd4 44. Re8 Ne6+ 45. Kg4 Bc6 46. Rb8 Nd4 47. f5 Kf6 48. h4 Nxf5 49. h5 Ne3+ 50. Kh4 d5 51. Rd8 d4 52. Rd6+ Ke5 53. h6 Nf5+ 54. Kh3 Nxh6 55. Rxh6 d3 56. Rh5+ f5 0-1